| 000 | 00442nam a22001697a 4500 | ||
|---|---|---|---|
| 005 | 20160531144346.0 | ||
| 008 | 160531b xxu||||| |||| 00| 0 eng d | ||
| 020 | _a0-7506-5169-5 | ||
| 041 | _aeng | ||
| 082 | _b6404 | ||
| 100 |
_aSwarbrooke, John _91597 |
||
| 245 | _aThe development and Management of Visitor Attractions | ||
| 260 |
_bButter worth Heinemen Reblication _c2003 |
||
| 300 | _a393 | ||
| 650 |
_aManagement _9241 |
||
| 942 | _cBK | ||
| 999 |
_c2254 _d2253 |
||